000 00848nam0a22002531 4500
001 rc\4511590
005 20130416175155.7
021 _aRU
_b[65-100579]
035 _a(NLR Aleph) 008619501
090 _a8814076
_c8814078
100 _a20130416d1965 |||y0rusy50 ca
101 0 _arus
102 _aRU
105 _aa z |||||
200 1 _aРазвитие ветеринарии в Грузии за годы Советской власти
_e[Учеб. пособие для вет. ин-та и техникумов]
210 _aТбилиси
_cГанатлеба
_d1965
215 _a416 с.
_cил.
_d22
606 _aВетеринария в Грузии
_xИстория
_2psbo
700 1 _aКапанадзе
_bК. С.
801 0 _aRU
_bNLR
_gpsbo
801 1 _aRU
_bELAR
_2rusmarc
852 _aNLR
_j66-5/123
942 _cBOOK
980 _aNB